| 000 | 00510nam a22001697a 4500 | ||
|---|---|---|---|
| 005 | 20251108171931.0 | ||
| 008 | 250721s1987 xx 000 0 ara d | ||
| 082 | 1 | 4 | _a157.7/كما |
| 100 | 1 | _aكمال، علي | |
| 245 | 1 | 0 | _aفصام العقل أو الشيزوفرينيا / |
| 264 | 1 |
_aلندن : _bدار واسط للدراسات و النشر، _c1987. |
|
| 300 | _a386ص | ||
| 650 | 1 | 7 | _aعلم النفس المرضي |
| 650 | 1 | 7 | _aالشيزوفرينيا |
| 942 |
_2ddc _cBK |
||
| 999 |
_c66275 _d66275 |
||